[Event "CZE-chT2E 2223"]
[Site "Czech Republic"]
[Date "2023.02.05"]
[Round "8.3"]
[White "Novy, Martin"]
[Black "Karlik, Vladimir"]
[Result "1/2-1/2"]
[WhiteElo "2064"]
[BlackElo "2106"]
[PlyCount "58"]
[EventDate "2022.10.16"]
[EventType "team-tourn"]
[EventRounds "11"]
[EventCountry "CZE"]
[SourceTitle "EXT 2024"]
[Source "ChessBase"]
[SourceDate "2023.10.10"]
[SourceVersion "1"]
[SourceVersionDate "2023.10.10"]
[SourceQuality "1"]
[WhiteTeam "Orechov Orel"]
[BlackTeam "Kromeriz Slavia II"]
[WhiteTeamCountry "CZE"]
[BlackTeamCountry "CZE"]

1. d4 Nf6 2. Nf3 d6 3. Nbd2 g6 4. e4 Bg7 5. c3 0-0 6. Be2 Nc6 7. 0-0 e5 8. dxe5 dxe5 9. Re1 Qe7 10. b4 Nh5 11. a4 Rd8 12. b5 Nb8 13. Ba3 Qe8 14. g3 Nf6 15. Qc2 Nbd7 16. Nc4 b6 17. Bf1 Bb7 18. a5 Rab8 19. axb6 axb6 20. Bb4 Ra8 21. Nfd2 Bf8 22. f3 Nc5 23. Nb3 Nfd7 24. Ncd2 Rxa1 25. Rxa1 Ra8 26. Ra2 Rxa2 27. Qxa2 Qa8 28. Qxa8 Bxa8 29. Kf2 Nxb3 1/2-1/2

[Event "CZE-chT2E 2223"]
[Site "Czech Republic"]
[Date "2023.01.22"]
[Round "7.4"]
[White "Karlik, Vladimir"]
[Black "Bakos, Eduard"]
[Result "1/2-1/2"]
[WhiteElo "2106"]
[BlackElo "2069"]
[PlyCount "33"]
[EventDate "2022.10.16"]
[EventType "team-tourn"]
[EventRounds "11"]
[EventCountry "CZE"]
[SourceTitle "EXT 2024"]
[Source "ChessBase"]
[SourceDate "2023.10.10"]
[SourceVersion "1"]
[SourceVersionDate "2023.10.10"]
[SourceQuality "1"]
[WhiteTeam "Kromeriz Slavia II"]
[BlackTeam "Brno VSK Univ"]
[WhiteTeamCountry "CZE"]
[BlackTeamCountry "CZE"]

1. d4 Nf6 2. Nf3 g6 3. Bf4 Bg7 4. e3 d6 5. h3 Nbd7 6. Be2 0-0 7. 0-0 b6 8. c3 Bb7 9. a4 a5 10. Na3 Re8 11. Bh2 e5 12. dxe5 dxe5 13. Nb5 Ne4 14. Bc4 Re7 15. Qc2 Nd6 16. Be2 Nxb5 17. axb5 1/2-1/2

[Event "CZE-chT2E 2223"]
[Site "Czech Republic"]
[Date "2023.01.08"]
[Round "6.3"]
[White "Karlik, Vladimir"]
[Black "Cermak, Jan1111"]
[Result "1/2-1/2"]
[WhiteElo "2106"]
[BlackElo "1961"]
[PlyCount "76"]
[EventDate "2022.10.16"]
[EventType "team-tourn"]
[EventRounds "11"]
[EventCountry "CZE"]
[SourceTitle "EXT 2024"]
[Source "ChessBase"]
[SourceDate "2023.10.10"]
[SourceVersion "1"]
[SourceVersionDate "2023.10.10"]
[SourceQuality "1"]
[WhiteTeam "Kromeriz Slavia II"]
[BlackTeam "Vyskov"]
[WhiteTeamCountry "CZE"]
[BlackTeamCountry "CZE"]

1. d4 d5 2. Nf3 Nf6 3. Bf4 e6 4. Nbd2 Bd6 5. Bg3 Nbd7 6. e3 Ne4 7. Nxe4 dxe4 8. Nd2 f5 9. Nc4 Bxg3 10. hxg3 Qf6 11. Qh5+ Qf7 12. Qh4 b5 13. Na5 a6 14. Nc6 Bb7 15. Na5 Rb8 16. Nxb7 Rxb7 17. Be2 Nf6 18. 0-0-0 Nd5 19. g4 g6 20. gxf5 gxf5 21. g4 f4 22. g5 c6 23. c4 Nb6 24. Qxf4 Qxf4 25. exf4 Rf7 26. d5 cxd5 27. cxd5 0-0 28. Bg4 Kg7 29. d6 Rxf4 30. d7 Rd8 31. Bxe6 Rxf2 32. Rh3 Nc4 33. Rdh1 h5 34. gxh6+ Kh7 35. Bxc4 bxc4 36. Re1 Rxd7 37. Rxe4 Rb7 38. b3 cxb3 1/2-1/2

[Event "CZE-chT2E 2223"]
[Site "Czech Republic"]
[Date "2022.11.20"]
[Round "3.4"]
[White "Karlik, Vladimir"]
[Black "Straka, Vojtech1111"]
[Result "1-0"]
[WhiteElo "2106"]
[BlackElo "1997"]
[PlyCount "83"]
[EventDate "2022.10.16"]
[EventType "team-tourn"]
[EventRounds "11"]
[EventCountry "CZE"]
[SourceTitle "EXT 2024"]
[Source "ChessBase"]
[SourceDate "2023.10.10"]
[SourceVersion "1"]
[SourceVersionDate "2023.10.10"]
[SourceQuality "1"]
[WhiteTeam "Kromeriz Slavia II"]
[BlackTeam "Brno Lokomotiva"]
[WhiteTeamCountry "CZE"]
[BlackTeamCountry "CZE"]

1. d4 c6 2. Nf3 Nf6 3. Bf4 g6 4. Nbd2 d5 5. e3 Bg7 6. Be2 Nbd7 7. h3 0-0 8. 0-0 Re8 9. c4 e6 10. Qc2 dxc4 11. Nxc4 Nd5 12. Bh2 N5b6 13. Nd6 Rf8 14. Rfd1 Nf6 15. e4 Ne8 16. Nc4 Nxc4 17. Bxc4 b5 18. Bb3 Bb7 19. Ne5 Rc8 20. Nd3 Nf6 21. Nc5 Qe7 22. a4 a6 23. Qe2 Rfd8 24. e5 Ne8 25. Bf4 Rc7 26. Qe3 h6 27. Bxh6 Bxh6 28. Qxh6 Ng7 29. g4 Bc8 30. Bc2 b4 31. Ne4 Ne8 32. Ng5 Nf6 33. exf6 Qxf6 34. Ne4 Qg7 35. Qxg7+ Kxg7 36. Nc5 Re7 37. f4 Rh8 38. Kg2 f5 39. g5 Kf8 40. Bb3 Rh5 41. Kg3 Reh7 42. Rh1 1-0